UDR Udaipur (Record no. 98283)

MARC details
000 -LEADER
fixed length control field 00451nam a22001817a 4500
005 - DATE AND TIME OF LATEST TRANSACTION
control field 20230223145003.0
008 - FIXED-LENGTH DATA ELEMENTS--GENERAL INFORMATION
fixed length control field 230223b |||||||| |||| 00| 0 eng d
041 ## - LANGUAGE CODE
Language code of text/sound track or separate title eng
082 ## - DEWEY DECIMAL CLASSIFICATION NUMBER
Classification number 720.9
Item number B12151
100 ## - MAIN ENTRY--PERSONAL NAME
Author JAI
110 ## - MAIN ENTRY--CORPORATE NAME
Corporate name or jurisdiction name as entry element Jain S
245 ## - TITLE STATEMENT
Title UDR Udaipur
260 ## - PUBLICATION, DISTRIBUTION, ETC.
Place of publication, distribution, etc. Barcelona
Name of publisher, distributor, etc. Altrim Publisher
Date of publication, distribution, etc. 2021
300 ## - PHYSICAL DESCRIPTION
Extent 228p
Other physical details Pb
Dimensions 18.5 x 13
365 ## - TRADE PRICE
Price type code INR
Price amount 559.00
Currency code Rupaye
942 ## - ADDED ENTRY ELEMENTS (KOHA)
Koha item type Books

No items available.